• 首页
  • 本馆介绍
  • 公告通知
  • 最新文献
  • 馆藏检索
  • 电子资源
  • 读者导购
  • 参考咨询
  • 我的图书馆
  • 登录
  • 详细信息显示
  • 放入我的书架
  • 预约/预借图书
  • 作者相关作品
  • 分类相关作品
  • 丛书相关作品
  • 出版社相关作品

书目信息

  • 表格格式
  • 工作单格式
  • 卡片格式
题名:
一生秉烛为教育
    
 
作者: 陈克宏 , 苏明 , 钱景林 主编 ;中共上海市教育卫生工作委员会 , 上海市教育委员会 , 上海市中小学幼儿教师奖励基金会 编
分册:  
出版信息: 上海   上海教育出版社  2017
页数: 271页
开本: 24cm
丛书名:
单 册:
中图分类: I253.4
科图分类:
主题词: 纪实文学--作品集--中国--当代
电子资源:
ISBN: 978-7-5444-6241-9
000 01492nam0 2200337 450
001 2044
005 20180522164848.27
010    @a978-7-5444-6241-9@dCNY188.00
100    @a20170802d2017 em y0chiy50 ea
101 0  @achi
102    @aCN@b310000
105    @aa z 000zy
200 1  @a一生秉烛为教育@9yi sheng bing zhu wei jiao yu@dDevoting the whole life to education@f本社编@Fben she bian@zeng
210    @a上海@c上海教育出版社@d2017
215    @a271页@c照片@d24cm@e6光盘
300    @a海派名师汇
307    @a附光盘:ISBN 978-7-88883-516-0
314    @a版权页题:中共上海市教育卫生工作委员会、上海市教育委员会、上海市中小学幼儿教师奖励基金会编
314    @a主编:陈克宏、苏明、钱景林
330    @a本书用纪实文学的形式,详述了语文特级教师于漪,小学语文特级教师袁瑢,上海市教育功臣仇忠海、顾泠沅、何金娣,上海市实验学校四位校长用爱与执着支撑其一生的教育事业。
510 1  @aDevoting the whole life to education@zeng
606 0  @a纪实文学@x作品集@y中国@z当代
690    @aI253.4@v5
701  0 @a陈克宏@9chen ke hong@4主编
701  0 @a苏明@9su ming@4主编
701  0 @a钱景林@9qian jing lin@4主编
712 02 @a中共上海市教育卫生工作委员会@9zhong gong shang hai shi jiao yu wei sheng gong zuo wei yuan hui@4编
712 02 @a上海市教育委员会@9shang hai shi jiao yu wei yuan hui@4编
712 02 @a上海市中小学幼儿教师奖励基金会@9shang hai shi zhong xiao xue you er jiao shi jiang li ji jin hui@4编
801  0 @aCN@b91MARC@c20170802
905    @aMuseLib@dI253.4@e1023
    
    一生秉烛为教育=Devoting the whole life to education/本社编.-上海:上海教育出版社,2017
    271页:照片;24cm+6光盘
    海派名师汇
    
    ISBN 978-7-5444-6241-9:CNY188.00
    本书用纪实文学的形式,详述了语文特级教师于漪,小学语文特级教师袁瑢,上海市教育功臣仇忠海、顾泠沅、何金娣,上海市实验学校四位校长用爱与执着支撑其一生的教育事业。
●
相关链接 在E读中查询图书 在五车中查询图书 在当当中查询图书 在豆瓣中查询图书


正题名:一生秉烛为教育     索取号:I253.4/1023         预约/预借

序号 登录号 条形码 馆藏地/架位号 状态 备注
1 1107725   211077252   第一样本阅览室/ [索取号:I253.4/1023] 在馆    
2 1107726   211077261   教育系资料室/ [索取号:I253.4/1023] 在馆    
3 1107727   211077270   教育系资料室/ [索取号:I253.4/1023] 在馆    
4 1107728   211077289   第二借阅区/ [索取号:I253.4/1023] 在馆    
唐山师范学院图书馆 欢迎您!
大连网信软件有限公司© 版权所有